[Event "October GM"]
[Site "?"]
[Date "1999.??.??"]
[Round "?"]
[White "Lomineishvili Maia"]
[Black "Kuzmin Gennadi P"]
[Result "0-1"]
[WhiteElo "2375"]
[BlackElo "2546"]
[PlyCount "146"]
[EventDate "1999.??.??"]
[Source "www.chesslib.no"]
[SourceDate "2004.05.04"]

1. d4 d5 2. c4 e6 3. Nc3 c5 4. cxd5 exd5 5. Nf3 Nc6 6. g3 c4 7. Bg2 Bb4 8. O-O Nge7 9. Bd2 O-O 10. b3 Qa5 11. Qc1 Ba3 12. Qd1 Rd8 13. Nb1 Bb4 14. a3 Bxd2 15. Nbxd2 Be6 16. e3 h6 17. Qe2 Rac8 18. Rfc1 Qa6 19. Bf1 Na5 20. b4 Nac6 21. Qe1 b5 22. Nb1 Qb7 23. Nc3 a6 24. Bg2 Rb8 25. Rab1 Qc8 26. Rb2 Bh3 27. Qf1 Bf5 28. Qe2 Qe6 29. Qd2 Be4 30. Ne1 Bxg2 31. Nxg2 g5 32. Qe2 Kg7 33. Rd1 f5 34. f3 Qf6 35. Qf2 Ng6 36. Re2 Rb7 37. Qe1 Rf7 38. Qf2 Nf8 39. Red2 Ne6 40. Re1 Qg6 41. Kh1 Kh8 42. Qe2 Qg7 43. Qd1 Qf8 44. e4 fxe4 45. fxe4 Nc7 46. exd5 Ne7 47. Ne3 Ncxd5 48. Ncxd5 Nxd5 49. Nxd5 Rxd5 50. Rde2 Kg7 51. Re8 Rf1+ 52. Rxf1 Qxe8 53. Qf3 Qe6 54. Rd1 Rf5 55. Qg2 Qe3 56. Qc6 Qe2 57. Rg1 Qf3+ 58. Qxf3 Rxf3 59. Ra1 Rd3 60. Kg2 g4 61. Kf2 Kf6 62. a4 Kf5 63. axb5 axb5 64. Ra5 Ke4 65. Rxb5 Rd2+ 66. Ke1 c3 67. Rc5 Kd3 68. d5 Re2+ 69. Kf1 Re5 70. b5 c2 71. b6 Kd2 72. b7 Re8 73. Rc8 c1=Q+ 0-1

[Event "GMA Baleares Open"]
[Site "Palma de Majorca ESP"]
[Date "1989.??.??"]
[Round "4"]
[White "Timoscenko, Genadij A"]
[Black "Tseitlin, Michael S"]
[Result "1-0"]
[WhiteElo "2460"]
[BlackElo "2460"]
[PlyCount "129"]
[EventDate "1989.12.??"]
[Source "www.chesslib.no"]
[SourceDate "2004.05.04"]

1. d4 d5 2. c4 e6 3. Nc3 c5 4. cxd5 exd5 5. Nf3 Nc6 6. g3 c4 7. Bg2 Bb4 8. O-O Nge7 9. e4 O-O 10. exd5 Nxd5 11. Bg5 Qa5 12. Nxd5 Qxd5 13. a3 Ba5 14. Ne5 Qb5 15. a4 Qa6 16. Nxc6 bxc6 17. Qc2 Be6 18. Rfc1 Rab8 19. Bf1 Qb6 20. Bxc4 Qxd4 21. Bxe6 Rxb2 22. Be3 Rxc2 23. Bxd4 Rxc1+ 24. Rxc1 fxe6 25. Rxc6 Rb8 26. Bxa7 Rb4 27. Ra6 Rxa4 28. Kg2 Ra1 29. Bd4 Rd1 30. Ra8+ Kf7 31. Ra7+ Ke8 32. Bxg7 Bd8 33. Be5 Rd7 34. Ra4 Rd5 35. Bd4 Kf7 36. Kf3 h5 37. Ke4 Bf6 38. Be3 Rd1 39. Ra7+ Kg6 40. Ra6 Kf7 41. Rc6 Ra1 42. Rc4 Ra2 43. Kf4 Kg6 44. Re4 Kf7 45. Kf3 Ra3 46. Kg2 Ra2 47. h4 Ra5 48. Kh3 Rb5 49. f3 Rb3 50. g4 hxg4+ 51. fxg4 Be7 52. Kg3 Bc5 53. Kf2 Bxe3+ 54. Rxe3 Rb4 55. Kg3 Kf6 56. g5+ Kf7 57. Rf3+ Kg7 58. Rf4 Rb1 59. Kg4 Re1 60. Ra4 Rg1+ 61. Kh5 Rh1 62. Ra7+ Kf8 63. g6 e5 64. g7+ Kg8 65. Kg6 1-0

[Event "Ch Norway (team) 1998/99"]
[Site "Norway"]
[Date "1998.??.??"]
[Round "1"]
[White "Gurevich, Mikhail"]
[Black "Punnett, A."]
[Result "1/2-1/2"]
[WhiteElo "2470"]
[BlackElo "2445"]
[PlyCount "59"]
[EventDate "1998.??.??"]
[Source "www.chesslib.no"]
[SourceDate "2004.05.04"]

1. d4 d5 2. c4 e6 3. Nc3 c5 4. cxd5 exd5 5. Nf3 Nc6 6. g3 c4 7. Bg2 Bb4 8. O-O Nge7 9. e4 Bxc3 10. bxc3 O-O 11. Re1 h6 12. Ba3 Be6 13. Ne5 Re8 14. Qa4 Nxe5 15. dxe5 d4 16. cxd4 Qxd4 17. Rad1 Qxe5 18. f4 b5 19. Qa5 Nc6 20. Qa6 Qc7 21. Qxb5 Qb6+ 22. Qc5 c3 23. Rc1 Nd4 24. Rxc3 Nb5 25. Rce3 Bxa2 26. Qc2 Nxa3 27. Qxa2 Nb5 28. Kh1 Rec8 29. Rb3 Rc5 30. Qb1 1/2-1/2

[Event "Breizh Masters A"]
[Site "Guingamp FRA"]
[Date "2008.02.22"]
[Round "1"]
[White "Benitah, Y."]
[Black "Dumitrache, D."]
[Result "0-1"]
[WhiteElo "2413"]
[BlackElo "2495"]
[PlyCount "76"]
[EventDate "2008.02.22"]
[Source "www.chesslib.no"]
[SourceDate "2004.05.04"]

1. d4 d5 2. c4 e6 3. Nc3 c5 4. cxd5 exd5 5. Nf3 Nc6 6. g3 c4 7. Bg2 Bb4 8. O-O Nge7 9. Ne1 Bf5 10. Nc2 O-O 11. Nxb4 Nxb4 12. Bg5 f6 13. Bf4 Qd7 14. Qa4 Qxa4 15. Nxa4 Rad8 16. Nc3 g5 17. Bd2 a6 18. Rad1 Nbc6 19. Be1 b5 20. a3 Bc2 21. Rd2 Bg6 22. Rd1 Rd7 23. f3 Rb8 24. Bf2 b4 25. axb4 Rxb4 26. Rd2 Rdb7 27. Nd1 Na5 28. e4 Nb3 29. Rc2 Nc6 30. Re1 dxe4 31. fxe4 Ncxd4 32. Rc3 Bh5 33. e5 Bxd1 34. Bxb7 Rxb7 35. Bxd4 Nxd4 36. Kf1 Bc2 37. exf6 Bd3+ 38. Kf2 Rxb2+ 0-1

[Event "Paretana"]
[Site "Paretana"]
[Date "2000.??.??"]
[Round "6"]
[White "Gual Pascual, Antonio"]
[Black "Moskalenko, Viktor"]
[Result "1-0"]
[WhiteElo "2430"]
[BlackElo "2470"]
[PlyCount "49"]
[EventDate "1999.12.??"]
[Source "ChessBase"]
[SourceDate "2000.03.10"]

1. d4 d5 2. c4 e6 3. Nc3 c5 4. cxd5 exd5 5. Nf3 Nc6 6. g3 c4 7. Bg2 Bb4 8. O-O Nge7 9. e4 dxe4 10. Nxe4 O-O 11. Qc2 Bg4 12. Qxc4 Bxf3 13. Bxf3 Nxd4 14. Bg2 Rc8 15. Qxb4 Nc2 16. Nf6+ gxf6 17. Qg4+ Ng6 18. Rb1 Qe7 19. h4 Kh8 20. Bh6 Rg8 21. h5 f5 22. Qxf5 Rc5 23. Qe4 Qxe4 24. Bxe4 Ne5 25. Bd2 1-0

[Event "Balatonbereny Open"]
[Site "Balatonbereny HUN"]
[Date "1994.??.??"]
[Round "7"]
[White "Gyimesi, Zoltan"]
[Black "Moskalenko, Viktor"]
[Result "1-0"]
[WhiteElo "2360"]
[BlackElo "2535"]
[PlyCount "55"]
[EventDate "1994.09.??"]
[Source "www.chesslib.no"]
[SourceDate "2004.05.04"]

1. d4 d5 2. c4 e6 3. Nc3 c5 4. cxd5 exd5 5. Nf3 Nc6 6. g3 c4 7. Bg2 Bb4 8. O-O Nge7 9. e4 dxe4 10. Nxe4 O-O 11. Qc2 Bf5 12. Nh4 Bg4 13. Qxc4 Qxd4 14. Qb5 Qb6 15. Qg5 f5 16. Be3 Nd4 17. Nc3 h6 18. Bxd4 Qxd4 19. Qc1 f4 20. Nb5 Qc5 21. Qxc5 Bxc5 22. Rac1 Bb6 23. Rce1 g5 24. Rxe7 gxh4 25. Rxb7 Be2 26. Bd5+ Kh8 27. Re1 Bxb5 28. Re6 1-0

[Event "Staffordshire GM"]
[Site "Lichfield"]
[Date "2000.07.13"]
[Round "8"]
[White "Crouch, Colin S"]
[Black "Motwani, Paul"]
[Result "0-1"]
[WhiteElo "2424"]
[BlackElo "2468"]
[PlyCount "116"]
[EventDate "2000.07.06"]
[Source "ChessBase"]
[SourceDate "2000.09.14"]

1. d4 d5 2. c4 e6 3. Nc3 c5 4. cxd5 exd5 5. Nf3 Nc6 6. g3 c4 7. Bg2 Bb4 8. O-O Nge7 9. Bd2 O-O 10. b3 Qa5 11. Qe1 Bg4 12. a3 Bxc3 13. Bxc3 Qb5 14. bxc4 Qxc4 15. Qd2 Nf5 16. e3 Nd6 17. Rfc1 Ne4 18. Qb2 Qa6 19. Ne1 Bf5 20. Bf1 Qb6 21. Qxb6 axb6 22. Bd3 Rfc8 23. Bxe4 dxe4 24. Rab1 Ne7 25. Rxb6 Nd5 26. Rb3 Be6 27. Bd2 Rxc1 28. Bxc1 b6 29. Bd2 f5 30. Nc2 Kf7 31. Rb2 g5 32. Kf1 h5 33. Ke2 h4 34. Bb4 Rh8 35. Bd6 hxg3 36. hxg3 Rh1 37. Ne1 Bc8 38. Kd2 Rf1 39. Kd1 Nc3+ 40. Kd2 Nd5 41. Kd1 f4 42. gxf4 Bg4+ 43. Kd2 Rxf2+ 44. Kc1 Rf1 45. Kd2 gxf4 46. Bxf4 Nxf4 47. exf4 e3+ 48. Kxe3 Rxe1+ 49. Kd3 Re6 50. d5 Rd6 51. Ke4 Kf6 52. Rg2 Bd1 53. Rg3 Bc2+ 54. Kd4 Kf5 55. Re3 Ba4 56. Re5+ Kxf4 57. Re6 Rxe6 58. dxe6 Bc6 0-1

[Event "Tashkent Hodzhaev Memorial"]
[Site "Tashkent UZB"]
[Date "1987.??.??"]
[Round "?"]
[White "Vladimirov, Evgeny Y"]
[Black "Ziatdinov, Raset"]
[Result "1/2-1/2"]
[WhiteElo "2525"]
[BlackElo "2365"]
[PlyCount "88"]
[EventDate "1987.??.??"]
[Source "www.chesslib.no"]
[SourceDate "2004.05.04"]

1. d4 d5 2. c4 e6 3. Nc3 c5 4. cxd5 exd5 5. Nf3 Nc6 6. g3 c4 7. Bg2 Bb4 8. O-O Nge7 9. Bd2 O-O 10. b3 Qa5 11. Qe1 b5 12. a3 Bxc3 13. Bxc3 Qb6 14. bxc4 bxc4 15. Qd2 Rb8 16. h3 Qa6 17. g4 f5 18. gxf5 Bxf5 19. Nh4 Be6 20. f4 Qc8 21. f5 Bxf5 22. Nxf5 Rxf5 23. e4 Rxf1+ 24. Rxf1 Qe6 25. Re1 Qg6 26. Kh1 Rd8 27. Qe2 Qe6 28. Qa2 dxe4 29. Rxe4 Qf7 30. Rg4 h5 31. Re4 Nf5 32. Qf2 Ncxd4 33. Re5 g6 34. Bxd4 Rxd4 35. Qxd4 Nxd4 36. Bd5 c3 37. Bxf7+ Kxf7 38. Rc5 c2 39. h4 Ke6 40. Kg2 Kd6 41. Rc3 Kd5 42. Kf2 Ke4 43. a4 a5 44. Ke1 Kf4 1/2-1/2

[Event "Varna"]
[Site "Varna"]
[Date "1982.??.??"]
[Round "8"]
[White "Semkov, Semko"]
[Black "Nogueiras, Jesus"]
[Result "1-0"]
[WhiteElo "2395"]
[BlackElo "2495"]
[PlyCount "113"]
[EventDate "1982.05.??"]
[Source "ChessBase"]

1. d4 d5 2. c4 e6 3. Nc3 c5 4. cxd5 exd5 5. Nf3 Nc6 6. g3 c4 7. Bg2 Bb4 8. O-O Nge7 9. e4 dxe4 10. Nxe4 Bg4 11. a3 Ba5 12. Bf4 O-O 13. Nd6 Bc7 14. Nxb7 Qb8 15. d5 Qxb7 16. dxc6 Qxc6 17. Ne5 Qxg2+ 18. Kxg2 Bxd1 19. Rfxd1 Rfc8 20. Rd7 Nf5 21. Rc1 f6 22. Nxc4 Bxf4 23. gxf4 Rc5 24. b4 Rc6 25. Rd5 g6 26. Rc5 Rxc5 27. bxc5 Rc8 28. Ne3 Ne7 29. Rd1 Rc7 30. Nd5 Nxd5 31. Rxd5 Kf7 32. Kf3 Ke6 33. Ke4 Rc6 34. a4 f5+ 35. Kd4 Ra6 36. Re5+ Kd7 37. a5 Kd8 38. Kd5 Rxa5 39. Kc6 Ra4 40. Re2 a5 41. Rd2+ Kc8 42. Rd7 Rb4 43. Ra7 Kb8 44. Rxa5 Rxf4 45. Ra2 Re4 46. Rd2 Kc8 47. Ra2 Kb8 48. Ra3 Re2 49. Rb3+ Ka7 50. Kc7 Re7+ 51. Kd6 Rg7 52. c6 g5 53. Rb7+ Rxb7 54. cxb7 Kxb7 55. Ke5 Kc6 56. Kxf5 Kd5 57. Kxg5 1-0

[Event "Catalunya-ch"]
[Site "?"]
[Date "2002.03.30"]
[Round "7.2"]
[White "Jerez Perez Alfonso"]
[Black "Moskalenko Viktor"]
[Result "1/2-1/2"]
[WhiteElo "2344"]
[BlackElo "2538"]
[PlyCount "52"]
[EventDate "2002.??.??"]
[Source "www.chesslib.no"]
[SourceDate "2004.05.04"]

1. d4 d5 2. c4 e6 3. Nc3 c5 4. cxd5 exd5 5. Nf3 Nc6 6. g3 c4 7. Bg2 Bb4 8. O-O Nge7 9. Bg5 f6 10. Bd2 Bxc3 11. Bxc3 b5 12. a3 O-O 13. Re1 a5 14. e4 Bg4 15. h3 Bh5 16. g4 Bg6 17. exd5 Nxd5 18. Bd2 Rc8 19. Rc1 Bf7 20. Nh4 Nde7 21. Be3 Bd5 22. Bxd5+ Qxd5 23. Qe2 Ng6 24. Nxg6 hxg6 25. b3 Rfe8 26. bxc4 Qf7 1/2-1/2

[Event "Reggio mem Chicco"]
[Site "Reggio Emilia"]
[Date "1991.??.??"]
[Round "?"]
[White "Cvitan, Ognjen"]
[Black "Ceschia, Ivano"]
[Result "1-0"]
[WhiteElo "2535"]
[BlackElo "2340"]
[PlyCount "59"]
[EventDate "1991.01.??"]
[Source "ChessBase"]

1. d4 d5 2. c4 e6 3. Nc3 c5 4. cxd5 exd5 5. Nf3 Nc6 6. g3 c4 7. Bg2 Bb4 8. O-O Nge7 9. e4 Bxc3 10. bxc3 dxe4 11. Nd2 Be6 12. Nxe4 O-O 13. Nc5 Nd5 14. Bd2 Bc8 15. Qa4 Na5 16. Rfe1 b6 17. Re5 Nc7 18. Rae1 Rb8 19. Bf4 a6 20. Re7 bxc5 21. Rxc7 Rb5 22. Rxc5 Re8 23. Rxe8+ Qxe8 24. Rxb5 h6 25. Rb8 Qxa4 26. Rxc8+ Kh7 27. Be4+ f5 28. Bxf5+ g6 29. Rc7+ Kg8 30. Be6+ 1-0

[Event "Thessaloniki GRE"]
[Site "?"]
[Date "1988.11.27"]
[Round "13"]
[White "Skembris Spyridon"]
[Black "Rodriguez Vargas Orestes PER"]
[Result "1/2-1/2"]
[WhiteElo "2425"]
[BlackElo "2445"]
[PlyCount "248"]
[EventDate "1988.??.??"]
[Source "www.chesslib.no"]
[SourceDate "2004.05.04"]

1. d4 d5 2. c4 e6 3. Nc3 c5 4. cxd5 exd5 5. Nf3 Nc6 6. g3 c4 7. Bg2 Bb4 8. O-O Nge7 9. e4 dxe4 10. Nxe4 O-O 11. Ne5 Qxd4 12. Qxd4 Nxd4 13. a3 f5 14. axb4 fxe4 15. Bxe4 Be6 16. Be3 Nef5 17. Bxd4 Nxd4 18. Rfd1 Rfd8 19. Kg2 a6 20. b5 Nxb5 21. Bxb7 Rxd1 22. Rxd1 Rb8 23. Bxa6 g6 24. Nd7 Bxd7 25. Rxd7 Rb6 26. Bb7 c3 27. bxc3 Nxc3 28. h4 h5 29. Kf3 Rf6+ 30. Ke3 Nb5 31. f3 Rd6 32. Re7 Kf8 33. Re5 Nc7 34. Be4 Rf6 35. Rc5 Ne6 36. Ra5 Ke7 37. Ra7+ Kd6 38. Rh7 Nf8 39. Rg7 Ke6 40. Kd4 Kd6 41. Kc4 Ke5 42. Bd5 Kd6 43. Be4 Ke5 44. Ra7 Rd6 45. Ra8 Rf6 46. Ra5+ Kd6 47. Kd4 Ne6+ 48. Ke3 Nc5 49. Ra7 Ne6 50. Rb7 Nf8 51. g4 hxg4 52. fxg4 Nd7 53. Ra7 Ne5 54. g5 Ng4+ 55. Kd4 Rf4 56. Ra6+ Ke7 57. Kd5 Ne3+ 58. Ke5 Rxh4 59. Ra7+ Kf8 60. Bxg6 Rb4 61. Bd3 Rb3 62. Kd4 Ng4 63. Bc4 Rg3 64. Rf7+ Ke8 65. g6 Nh6 66. Rf6 Ke7 67. Ra6 Rg4+ 68. Kc3 Kf8 69. Bd3 Kg7 70. Kd2 Rd4 71. Ra7+ Kf6 72. Ke2 Nf5 73. Ra5 Ng3+ 74. Ke3 Rxd3+ 75. Kxd3 Kxg6 76. Kd4 Kf6 77. Rd5 Ke6 78. Re5+ Kf6 79. Kd5 Nf5 80. Re6+ Kg5 81. Re1 Nh4 82. Rf1 Ng6 83. Ke4 Ne7 84. Rf2 Ng6 85. Rf5+ Kg4 86. Ra5 Ne7 87. Re5 Ng6 88. Rc5 Ne7 89. Re5 Ng6 90. Rf5 Ne7 91. Rf7 Ng6 92. Rf1 Kg5 93. Rf3 Ne7 94. Kd4 Ng6 95. Kd5 Nf4+ 96. Ke4 Ng6 97. Rg3+ Kf6 98. Rg1 Ne7 99. Rf1+ Kg5 100. Rb1 Ng6 101. Rb7 Kg4 102. Rb6 Kg5 103. Re6 Nf4 104. Re5+ Kg4 105. Ke3 Ng6 106. Ra5 Ne7 107. Ra4+ Kf5 108. Ra5+ Kg4 109. Ke4 Ng6 110. Ra4 Kg5 111. Rb4 Ne7 112. Rb5+ Kg4 113. Ke5 Ng6+ 114. Kf6 Nf4 115. Rb3 Nh5+ 116. Ke5 Ng3 117. Ra3 Ne2 118. Ra4+ Kf3 119. Rc4 Ng3 120. Kd4 Kf4 121. Kd3  Ke5 122. Rg4 Nf5 123. Rg5 Kf4 124. Rh5 Ke5 1/2-1/2

[Event "Hastings 7778"]
[Site "Hastings"]
[Date "1977.??.??"]
[Round "6"]
[White "Tarjan, James Edward"]
[Black "Tisdall, Jonathan D"]
[Result "1/2-1/2"]
[WhiteElo "2495"]
[BlackElo "2375"]
[PlyCount "39"]
[EventDate "1977.12.??"]
[Source "ChessBase"]

1. d4 d5 2. c4 e6 3. Nc3 c5 4. cxd5 exd5 5. Nf3 Nc6 6. g3 c4 7. Bg2 Bb4 8. O-O Nge7 9. Ne1 O-O 10. Nc2 Ba5 11. Bd2 a6 12. b3 b5 13. bxc4 bxc4 14. Na4 Bc7 15. Bc3 Rb8 16. Qd2 Qd6 17. Rab1 Rd8 18. Rxb8 Bxb8 19. Rb1 Ba7 20. Bb2 1/2-1/2

[Event "2nd League TCh-SCG"]
[Site "Belgrade"]
[Date "2003.09.27"]
[Round "1"]
[White "Milanovic, Danilo"]
[Black "Arsovic, Zoran"]
[Result "1/2-1/2"]
[WhiteElo "2451"]
[BlackElo "2418"]
[PlyCount "75"]
[EventDate "2003.09.27"]
[Source "Roberto Alvarez"]
[SourceDate "2003.10.13"]

1. d4 d5 2. c4 e6 3. Nc3 c5 4. cxd5 exd5 5. Nf3 Nc6 6. g3 c4 7. Bg2 Bb4 8. O-O Nge7 9. Bd2 O-O 10. b3 Qa5 11. Qe1 Qa6 12. h3 Bf5 13. bxc4 Qxc4 14. Nd1 Be4 15. Bxb4 Qxb4 16. Qxb4 Nxb4 17. Ne3 Rfc8 18. Ne1 Rc3 19. a3 Nbc6 20. Bxe4 dxe4 21. N1c2 Rd8 22. Rfd1 g6 23. Rab1 b6 24. Rb5 Nc8 25. d5 Na5 26. Rb4 Nd6 27. a4 Nb3 28. Rb1 Nc5 29. Ra1 Rb3 30. Ra2 Rc8 31. a5 b5 32. a6 f5 33. Kg2 Kf7 34. Rxb3 Nxb3 35. Nb4 Nd4 36. Rd2 Nb3 37. Ra2 Nd4 38. Rd2 1/2-1/2

[Event "ESP Ch"]
[Site "Lleida"]
[Date "1991.??.??"]
[Round "7"]
[White "Bernal Moro, Luis J"]
[Black "Rodriguez, Orestes"]
[Result "1/2-1/2"]
[WhiteElo "2395"]
[BlackElo "2470"]
[PlyCount "63"]
[EventDate "1991.09.??"]
[Source "www.chesslib.no"]
[SourceDate "2004.05.04"]

1. d4 d5 2. c4 e6 3. Nc3 c5 4. cxd5 exd5 5. Nf3 Nc6 6. g3 c4 7. Bg2 Bb4 8. O-O Nge7 9. a3 Ba5 10. e4 dxe4 11. Nxe4 Bb6 12. Qa4 O-O 13. Be3 Be6 14. Rad1 Nd5 15. Neg5 c3 16. Qc2 g6 17. Nxe6 fxe6 18. bxc3 Qf6 19. c4 Nxe3 20. fxe3 Qf5 21. Qxf5 gxf5 22. Rb1 Rab8 23. c5 Bd8 24. Nd2 Na5 25. Rfc1 b6 26. c6 Bc7 27. Kf2 Rbd8 28. Ke2 Kg7 29. Nc4 Nxc4 30. Rxc4 h5 31. Bf3 Rh8 32. Rg1 1/2-1/2

[Event "Bodensee-Cup"]
[Site "Germany"]
[Date "1996.??.??"]
[Round "2"]
[White "Fahnenschmidt, Gerhard"]
[Black "Siegel, Georg"]
[Result "1/2-1/2"]
[WhiteElo "2400"]
[BlackElo "2455"]
[PlyCount "22"]
[EventDate "1996.??.??"]
[Source "ChessBase"]

1. d4 d5 2. c4 e6 3. Nc3 c5 4. cxd5 exd5 5. Nf3 Nc6 6. g3 c4 7. Bg2 Bb4 8. O-O Nge7 9. e4 dxe4 10. Nxe4 O-O 11. Be3 Bf5 1/2-1/2

[Event "RUS-Cup6"]
[Site "Krasnodar"]
[Date "1997.??.??"]
[Round "9"]
[White "Alavkin, Arseny"]
[Black "Nadyrhanov, Sergey"]
[Result "1-0"]
[WhiteElo "2375"]
[BlackElo "2480"]
[PlyCount "47"]
[EventDate "1997.03.11"]
[Source "www.chesslib.no"]
[SourceDate "2004.05.04"]

1. d4 d5 2. c4 e6 3. Nc3 c5 4. cxd5 exd5 5. Nf3 Nc6 6. g3 c4 7. Bg2 Bb4 8. O-O Nge7 9. a3 Ba5 10. e4 dxe4 11. Nxe4 O-O 12. Qa4 Bg4 13. Be3 Qd5 14. Ne5 b5 15. Nxg4 Qxe4 16. Bxe4 bxa4 17. Ne5 Rac8 18. Nxc4 Bb6 19. Nxb6 axb6 20. d5 Na5 21. d6 Nec6 22. Bxb6 Rb8 23. Bc7 Rxb2 24. Rac1 1-0

[Event "UKR Team Ch"]
[Site "Alushta UKR"]
[Date "1994.??.??"]
[Round "?"]
[White "Litus, Vladimir"]
[Black "Moskalenko, Viktor"]
[Result "0-1"]
[WhiteElo "2310"]
[BlackElo "2535"]
[PlyCount "66"]
[EventDate "1994.??.??"]
[Source "www.chesslib.no"]
[SourceDate "2004.05.04"]

1. d4 d5 2. c4 e6 3. Nc3 c5 4. cxd5 exd5 5. Nf3 Nc6 6. g3 c4 7. a3 Nf6 8. Bg2 Be7 9. O-O O-O 10. Bf4 Bf5 11. h3 Ne4 12. g4 Nxc3 13. bxc3 Be4 14. Ne1 Bxg2 15. Nxg2 f5 16. e3 Qd7 17. g5 b5 18. Qf3 a5 19. h4 b4 20. axb4 axb4 21. cxb4 Nxb4 22. Be5 Rxa1 23. Rxa1 c3 24. Qe2 Rc8 25. Rc1 Qa4 26. Ne1 Qa3 27. Qd1 c2 28. Qd2 Qc3 29. Qe2 Qb2 30. Qd2 Ra8 31. Kh2 Ra1 32. Nd3 Nxd3 33. Rxc2 Qb1 0-1

[Event "Moscow-ch"]
[Site "Moscow"]
[Date "1996.??.??"]
[Round "2"]
[White "Yakovich, Yuri"]
[Black "Zhurina, Elizaveta"]
[Result "1-0"]
[WhiteElo "2530"]
[BlackElo "2310"]
[PlyCount "51"]
[EventDate "1996.08.??"]
[Source "www.chesslib.no"]
[SourceDate "2004.05.04"]

1. d4 d5 2. c4 e6 3. Nc3 c5 4. cxd5 exd5 5. Nf3 Nc6 6. g3 c4 7. Bg2 Bb4 8. O-O Nge7 9. e4 O-O 10. exd5 Nxd5 11. Bg5 Qa5 12. Nxd5 Qxd5 13. a3 Bd6 14. Be3 Qb5 15. Rc1 Bf5 16. d5 Na5 17. Nd4 Qd7 18. Bd2 b6 19. Bxa5 bxa5 20. Rxc4 Rab8 21. Qd2 Bg6 22. Nc6 Rb3 23. Nxa5 Rd3 24. Qc1 Qb5 25. Nc6 Rb3 26. Nd4 1-0

[Event "Rilton Cup 97/98"]
[Site "Stockholm"]
[Date "1998.??.??"]
[Round "1"]
[White "Sokolov, Ivan"]
[Black "Gamback, Bjorn"]
[Result "1-0"]
[WhiteElo "2635"]
[BlackElo "2205"]
[PlyCount "79"]
[EventDate "1997.12.??"]
[Source "www.chesslib.no"]
[SourceDate "2004.05.04"]

1. d4 d5 2. c4 e6 3. Nc3 c5 4. cxd5 exd5 5. Nf3 Nc6 6. g3 c4 7. Bg2 Bb4 8. O-O Nge7 9. a3 Ba5 10. b4 Bb6 11. e3 O-O 12. b5 Na5 13. Nd2 Be6 14. a4 Qd7 15. Ba3 Rfe8 16. Bb4 Rac8 17. Qc2 Bc7 18. Rad1 f5 19. Qb2 Kh8 20. Ne2 Ng8 21. Qc3 b6 22. Nf3 a6 23. Ne5 Bxe5 24. dxe5 axb5 25. axb5 Nb3 26. Nf4 Qxb5 27. Nxe6 Rxe6 28. Bxd5 Ree8 29. Bd6 Nh6 30. e6 Nc5 31. Be5 Re7 32. Bxc4 Qe8 33. Qb2 Ne4 34. Bb5 Qh5 35. Rd7 Ng4 36. Bxg7+ Kg8 37. f3 Nxh2 38. Qxh2 Qg5 39. Bh6 Qg6 40. fxe4 1-0

[Event "Manila ol (Men)"]
[Site "Manila PHI"]
[Date "1992.??.??"]
[Round "?"]
[White "Roca, Petronio"]
[Black "Rodriguez, Orestes"]
[Result "0-1"]
[WhiteElo "2370"]
[BlackElo "2465"]
[PlyCount "108"]
[EventDate "1992.06.??"]
[Source "www.chesslib.no"]
[SourceDate "2004.05.04"]

1. d4 d5 2. c4 e6 3. Nc3 c5 4. cxd5 exd5 5. Nf3 Nc6 6. g3 c4 7. Bg2 Bb4 8. O-O Nge7 9. Bd2 O-O 10. b3 cxb3 11. Qxb3 Ba5 12. e3 Bf5 13. Rfd1 Qd7 14. Nh4 Bg4 15. Rdc1 Rfd8 16. Rab1 Rab8 17. Rb2 Be6 18. Nf3 f6 19. Ne1 b6 20. Nd3 g5 21. Qb5 Rbc8 22. Rbc2 Kg7 23. Nb1 Bxd2 24. Nxd2 Bf5 25. Rc3 Qd6 26. a3 Bd7 27. Qb2 Na5 28. Qb4 Nb7 29. Rc7 a5 30. Qxd6 Nxd6 31. Nb1 Kf8 32. Nb2 Nc4 33. Rxc8 Rxc8 34. Nd1 b5 35. Ndc3 Nb6 36. Na2 Rxc1+ 37. Nxc1 Bf5 38. Nd2 Nc4 39. Ncb3 a4 40. Nxc4 dxc4 41. Na1 Bd3 42. Bf3 h6 43. Kg2 Kf7 44. h3 Ke6 45. Bd1 Nc6 46. Kf3 Kd6 47. Kg4 Na5 48. e4 Nb3 49. e5+ fxe5 50. dxe5+ Kxe5 51. f4+ gxf4 52. gxf4+ Kf6 53. Nc2 Bxc2 54. Bxc2 Nd4 0-1

[Event "Calviá ol (Men)"]
[Site "Mallorca"]
[Date "2004.10.17"]
[Round "3.40"]
[White "Michelakis, George"]
[Black "Juarez Flores, Carlos A"]
[Result "1-0"]
[WhiteElo "2438"]
[BlackElo "2391"]
[PlyCount "57"]
[EventDate "2004.10.15"]
[Source "Roberto Alvarez"]
[SourceDate "2004.10.18"]

1. d4 d5 2. c4 e6 3. Nc3 c5 4. cxd5 exd5 5. Nf3 Nc6 6. g3 c4 7. Bg2 Bb4 8. O-O Nge7 9. e4 dxe4 10. Nxe4 Bf5 11. Nc5 Bxc5 12. dxc5 O-O 13. Bf4 Qa5 14. Bd6 Rfd8 15. Qd2 Qa6 16. Rfe1 Bg6 17. Nh4 Nf5 18. Nxf5 Bxf5 19. Bd5 Bg6 20. h4 h6 21. Qf4 c3 22. h5 Bxh5 23. Qf5 cxb2 24. Rab1 Be2 25. Rxb2 Bb5 26. Qxf7+ Kh8 27. Re6 Qa4 28. Rxb5 Qxb5 29. Rxh6+ 1-0

[Event "Oslo Open"]
[Site "Oslo NOR"]
[Date "1994.??.??"]
[Round "9"]
[White "Ogaard, Leif"]
[Black "Bronstein, David I"]
[Result "1/2-1/2"]
[WhiteElo "2425"]
[BlackElo "2400"]
[PlyCount "90"]
[EventDate "1994.03.??"]
[Source "www.chesslib.no"]
[SourceDate "2004.05.04"]

1. d4 d5 2. c4 e6 3. Nc3 c5 4. cxd5 exd5 5. Nf3 Nc6 6. g3 c4 7. Bg2 Bb4 8. O-O Nge7 9. e4 O-O 10. exd5 Nxd5 11. Bg5 Qa5 12. Nxd5 Qxd5 13. a3 Ba5 14. Ne5 Qb5 15. a4 Qa6 16. Nxc6 bxc6 17. Qf3 Bd7 18. Rfc1 Rab8 19. Bf1 Be6 20. b3 Bd5 21. Qd1 Rxb3 22. Qxb3 cxb3 23. Bxa6 b2 24. Rab1 bxc1=Q+ 25. Bxc1 Bb6 26. Ba3 Rd8 27. Bc5 Bxc5 28. dxc5 Be4 29. Re1 f5 30. Bc4+ Kf8 31. a5 Rd4 32. Be2 Rd2 33. f3 Bd5 34. Kf1 Rb2 35. Rc1 g5 36. Rd1 Ke7 37. Rd4 Kf6 38. f4 g4 39. Ke1 h5 40. Rd2 Rb4 41. a6 Rb1+ 42. Rd1 Rb2 43. Rd2 Rb3 44. Rd3 Rb1+ 45. Rd1 Rb2 1/2-1/2

[Event "Clarin GP Open 4th"]
[Site "Potrero de los Funes"]
[Date "1995.??.??"]
[Round "3"]
[White "Quiroga, Facundo"]
[Black "Sieiro-Gonzalez, Luis"]
[Result "1/2-1/2"]
[WhiteElo "2440"]
[BlackElo "2385"]
[PlyCount "82"]
[EventDate "1995.06.17"]
[Source "www.chesslib.no"]
[SourceDate "2004.05.04"]

1. d4 d5 2. c4 e6 3. Nc3 c5 4. cxd5 exd5 5. Nf3 Nc6 6. g3 c4 7. Bg2 Bb4 8. O-O Nge7 9. Ne5 O-O 10. Nxc6 bxc6 11. e4 Be6 12. Bd2 Rb8 13. exd5 cxd5 14. b3 Qa5 15. Qe1 Qa6 16. Na4 Ba3 17. Nc5 Bxc5 18. dxc5 Rfe8 19. bxc4 dxc4 20. Bc3 Nd5 21. Qd2 Nxc3 22. Qxc3 Qb5 23. c6 Bd5 24. c7 Rbc8 25. Rab1 Qc6 26. Bxd5 Qxd5 27. Rfd1 Qc6 28. Rd8 Rcxd8 29. cxd8=Q Rxd8 30. Qa5 Rc8 31. Qxa7 c3 32. Rc1 c2 33. Qd4 h6 34. a4 Rb8 35. Qd3 Rc8 36. a5 h5 37. h3 h4 38. g4 Qb7 39. a6 Qb2 40. Qd2 Qb3 41. Kh2 Qb8+ 1/2-1/2

[Event "Cali zt"]
[Site "Cali"]
[Date "1990.??.??"]
[Round "5"]
[White "Alzate, Dario"]
[Black "Arencibia, Walter"]
[Result "0-1"]
[WhiteElo "2390"]
[BlackElo "2425"]
[PlyCount "118"]
[EventDate "1990.04.??"]
[Source "ChessBase"]

1. d4 d5 2. c4 e6 3. Nc3 c5 4. cxd5 exd5 5. Nf3 Nc6 6. g3 c4 7. Bg2 Bb4 8. O-O Nge7 9. Ne5 O-O 10. Nxc6 bxc6 11. Bd2 Rb8 12. Re1 Bf5 13. b3 Qa5 14. Qc1 cxb3 15. axb3 Qb6 16. e3 Bd6 17. Bf1 Rfc8 18. Na4 Qxb3 19. Nc5 Qb6 20. Ra6 Qd8 21. Rxa7 Ra8 22. Rxa8 Rxa8 23. Nb7 Qd7 24. Nxd6 Qxd6 25. Qc3 h5 26. Qb4 Qf6 27. f3 Ra2 28. e4 dxe4 29. fxe4 Bg4 30. Bg2 c5 31. e5 Qf2+ 32. Kxf2 cxb4 33. Ke3 Nf5+ 34. Kd3 Nxd4 35. Bd5 Bf5+ 36. Kxd4 Rxd2+ 37. Kc4 Be6 38. Bxe6 fxe6 39. Kxb4 Rxh2 40. Kc4 Rg2 41. Re3 Rd2 42. Re4 Kh7 43. Rh4 Kg6 44. g4 Kg5 45. Rxh5+ Kxg4 46. Rh7 g5 47. Rf7 Rd5 48. Rf1 Rxe5 49. Kd4 Rf5 50. Re1 Kf3 51. Rxe6 g4 52. Rh6 g3 53. Ra6 Kg4 54. Ra2 Kh3 55. Ke4 Rf8 56. Ra7 g2 57. Rg7 Rf1 58. Rh7+ Kg3 59. Rg7+ Kf2 0-1